export_success — 

Des Choses de la Nature et de Leurs Droits.

Bibliographic Details
Main Author: Vanuxem, Sarah.
Format: eBook
Language:French
Published: Versailles : Quae, 2020.
Series:Sciences en Questions Series
Subjects:
Online Access:Click to View
LEADER 01848nam a22003613i 4500
001 EBC6733970
003 MiAaPQ
005 20231204023218.0
006 m o d |
007 cr cnu||||||||
008 231204s2020 xx o ||||0 fre d
020 |a 9782759232376  |q (electronic bk.) 
035 |a (MiAaPQ)EBC6733970 
035 |a (Au-PeEL)EBL6733970 
035 |a (OCoLC)1237025916 
040 |a MiAaPQ  |b eng  |e rda  |e pn  |c MiAaPQ  |d MiAaPQ 
100 1 |a Vanuxem, Sarah. 
245 1 0 |a Des Choses de la Nature et de Leurs Droits. 
264 1 |a Versailles :  |b Quae,  |c 2020. 
264 4 |c ©2023. 
300 |a 1 online resource (119 pages) 
336 |a text  |b txt  |2 rdacontent 
337 |a computer  |b c  |2 rdamedia 
338 |a online resource  |b cr  |2 rdacarrier 
490 1 |a Sciences en Questions Series 
505 0 |a Intro -- Table des matières -- Remerciements -- Préface -- Des choses de la nature et de leurs droits -- Introduction -- Les servitudes prédiales, un droit des choses voisines -- Les servitudes environnementales, un droit des choses jumelées -- La compensation écologique, un droit des choses analogues -- Les communautés d'habitants, un droit des choses amies -- Conclusion -- Références bibliographiques -- Notes. 
588 |a Description based on publisher supplied metadata and other sources. 
590 |a Electronic reproduction. Ann Arbor, Michigan : ProQuest Ebook Central, 2023. Available via World Wide Web. Access may be limited to ProQuest Ebook Central affiliated libraries.  
655 4 |a Electronic books. 
776 0 8 |i Print version:  |a Vanuxem, Sarah  |t Des Choses de la Nature et de Leurs Droits  |d Versailles : Quae,c2020 
797 2 |a ProQuest (Firm) 
830 0 |a Sciences en Questions Series 
856 4 0 |u https://ebookcentral.proquest.com/lib/matrademy/detail.action?docID=6733970  |z Click to View